Where is Spanish the Official Language? - Statistics

General Stats
  • This quiz has been taken 22 times
  • The average score is 15 of 20
Answer Stats
Answer % Correct
Spain
95%
Argentina
84%
Chile
84%
Ecuador
84%
Uruguay
84%
Venezuela
84%
Colombia
79%
Cuba
79%
El Salvador
79%
Mexico
79%
Paraguay
79%
Bolivia
74%
Guatemala
74%
Panama
74%
Costa Rica
68%
Honduras
68%
Nicaragua
68%
Peru
68%
Dominican Republic
58%
Equatorial Guinea
47%
No matching quizzes found
Score Distribution
Percent of People with Each Score
Percentile by Number Answered
Your Score History
You have not taken this quiz